000 00264nam a2200109Ia 4500
008 190216s9999||||xx |||||||||||||| ||und||
100 _aNanmatha Prasad
245 0 _aHindi-Manthayahar Ke Sayak
260 _bLok Chethaqna Prakashan
650 _aHindi
942 _cBK
999 _c15273
_d15273